000 00310 a2200133 4500
001 155636
040 _cEscola São Tomás de Aquino
100 _aBEGHINI, Fabiana
240 1 0 _aUm pedinho do céu
_lpor
245 1 0 _aUm pedinho do céu
440 1 _aMiguilim
697 _a*LITERATURA INFANTIL
942 _cBK
999 _c155636
_d155636